000 00885nam a2200253Ia 4500
003 OSt
005 20220923213609.0
006 a|||||r|||| 00| 0
007 ta
008 220922b |||||||| |||| 00| 0 hin d
024 _a163,280
037 _cTextual
040 _aARTS
_cARTS
_bhin
041 _2hin
_ahin
082 _aO152,1:gN, L2
100 _aजोशी, शशि
245 0 _aकाव्य रूढ़िया आधुनिक कविता के परिप्रेक्ष्य में
246 _aKāvya rūढ़iyā ādhunik kavitā ke pariprekṣhya mean
260 _aजयपुर
_b उपमा प्रकाशन
_c1972
300 _a275पृ.
_ccm.
650 _aहिन्दी साहित्य
_9156264
942 _hO152,1:gN, L2
_cTEXL
_2CC
999 _c317760
_d317760